|
|
|
|
| LEADER |
00964nam a2200277 a 4500 |
| 001 |
29685 |
| 003 |
BD-DhAAL |
| 005 |
20150816122233.0 |
| 008 |
150816s2015 ii a 001 0 eng d |
| 020 |
|
|
|a 9789351343202
|
| 020 |
|
|
|a 9351343200
|
| 040 |
|
|
|a BD-DhAAL
|c BD-DhAAL
|
| 082 |
0 |
0 |
|a 006.76
|2 23
|
| 100 |
1 |
|
|a Balagurusamy, E.
|9 13803
|
| 245 |
1 |
0 |
|a Programming with JAVA :
|b a primer /
|c E Balagurusamy
|
| 250 |
|
|
|a 5th ed.
|
| 260 |
|
|
|a New Delhi :
|b McGraw-Hill Education (India),
|c 2015
|
| 300 |
|
|
|a xv, 460 p. :
|b ill. ;
|c 24 cm.
|
| 504 |
|
|
|a Includes index.
|
| 541 |
1 |
|
|e 29685
|
| 650 |
|
0 |
|a Java (Computer program language)
|9 6164
|
| 650 |
|
0 |
|a Internet programming.
|9 7592
|
| 852 |
1 |
|
|a Ayesha Abed Library
|j General Shelf.
|
| 942 |
|
|
|2 ddc
|c BK
|
| 999 |
|
|
|c 35240
|d 35240
|
| 952 |
|
|
|0 0
|1 0
|2 ddc
|4 0
|6 006_760000000000000_BAL
|7 0
|9 55247
|a BRACUL
|b BRACUL
|c GEN
|d 2015-08-16
|e Trim Education
|g 745.00
|l 15
|m 83
|o 006.76 BAL
|p 3010029685
|r 2024-02-25
|s 2024-02-20
|t 1
|w 2015-08-16
|y BK
|